[Event "GER-chT U20"]
[Site "Chemnitz"]
[Date "2009.12.29"]
[Round "5.4"]
[White "Schwarz, Felix"]
[Black "Streich, Justus"]
[Result "1/2-1/2"]
[WhiteElo "1813"]
[BlackElo "1902"]
[PlyCount "77"]
[EventDate "2009.12.27"]
[EventType "team-swiss"]
[EventRounds "7"]
[EventCountry "GER"]
[SourceTitle "EXT 2022"]
[Source "ChessBase"]
[SourceDate "2021.10.06"]
[SourceVersion "1"]
[SourceVersionDate "2021.10.06"]
[SourceQuality "1"]
[WhiteTeam "Heilbronn U20"]
[BlackTeam "Hamburg Koenigsspringer U20"]
[WhiteTeamCountry "GER"]
[BlackTeamCountry "GER"]

1. d4 Nf6 2. Nf3 e6 3. e3 Be7 4. Bd3 b6 5. 0-0 Bb7 6. c4 c5 7. Nc3 cxd4 8. exd4 d6 9. Re1 Qc7 10. b3 d5 11. Bb2 Nbd7 12. cxd5 Nxd5 13. Nxd5 Bxd5 14. Be4 Nf6 15. Bxd5 Nxd5 16. Ne5 0-0 17. Rc1 Qb7 18. Qf3 Bg5 19. Rc2 Rac8 20. Rxc8 Rxc8 21. Nc4 Qc7 22. Ba3 Qf4 23. Qd3 b5 24. Ne3 Rd8 25. Nxd5 Rxd5 26. Bc1 Qf6 27. Bxg5 Qxg5 28. Qe3 Qd8 29. Rd1 e5 30. Re1 f6 31. dxe5 Rxe5 32. Qc3 Rxe1+ 33. Qxe1 Kf7 34. g3 Qd3 35. Kg2 Qd5+ 36. f3 Qd4 37. Qc1 Qd6 38. Qc2 a6 39. Qc3 1/2-1/2

[Event "Hamburg-ch U20"]
[Site "Schoenhagen"]
[Date "2009.03.12"]
[Round "1"]
[White "Ludwig, Jan"]
[Black "Streich, Justus"]
[Result "1/2-1/2"]
[WhiteElo "1946"]
[BlackElo "1776"]
[PlyCount "69"]
[EventDate "2009.03.12"]
[EventType "tourn"]
[EventRounds "11"]
[EventCountry "GER"]
[SourceTitle "EXT 2010"]
[Source "ChessBase"]
[SourceDate "2010.11.25"]
[SourceVersion "1"]
[SourceVersionDate "2010.11.25"]
[SourceQuality "1"]

1. e4 e6 2. d4 d5 3. e5 c5 4. c3 Qb6 5. Nf3 Bd7 6. a3 Bb5 7. Bxb5+ Qxb5 8. b4 cxb4 9. cxb4 Ne7 10. Nc3 Qc4 11. Bb2 Nf5 12. Rc1 Nc6 13. Ne2 Qb5 14. 0-0 a5 15. Nc3 Qb6 16. Qa4 Rb8 17. Na2 axb4 18. axb4 Bxb4 19. Nxb4 Qxb4 20. Qxb4 Nxb4 21. Ba3 Nc6 22. Rfd1 Kd7 23. g4 Ra8 24. Bc5 Nh6 25. Rb1 Na5 26. h3 f5 27. Rb6 fxg4 28. Rd6+ Kc8 29. Ng5 Nc4 30. Rxe6 gxh3 31. Rb1 Ng4 32. Re7 Nd2 33. Rc1 Nb3 34. Rb1 Nd2 35. Rc1 1/2-1/2

[Event "GER-chT U16"]
[Site "Bingen"]
[Date "2008.12.29"]
[Round "5.3"]
[White "Streich, Justus"]
[Black "Strathoff, Jens"]
[Result "0-1"]
[WhiteElo "1725"]
[BlackElo "1993"]
[PlyCount "50"]
[EventDate "2008.12.27"]
[EventType "team-swiss"]
[EventRounds "7"]
[EventCountry "GER"]
[SourceTitle "EXT 2010"]
[Source "ChessBase"]
[SourceDate "2010.11.25"]
[SourceVersion "1"]
[SourceVersionDate "2010.11.25"]
[SourceQuality "1"]
[WhiteTeam "Hamburg Koenigsspringer U16"]
[BlackTeam "Brackel SF U16"]
[WhiteTeamCountry "GER"]
[BlackTeamCountry "GER"]

1. e4 e5 2. Nc3 Nf6 3. f4 d5 4. fxe5 Nxe4 5. Nf3 Nc6 6. Qe2 Nxc3 7. bxc3 Be7 8. d4 0-0 9. Qf2 f6 10. exf6 Bxf6 11. Be3 Qe7 12. Kd2 Bf5 13. Re1 Qa3 14. Bd3 Bxd3 15. Kxd3 Nb4+ 16. Kd2 Nxa2 17. Ke2 Qa6+ 18. Kd2 Qc4 19. Qg3 Nxc3 20. Qg4 Ne4+ 21. Kc1 Rae8 22. h4 Qc3 23. Kb1 Qb4+ 24. Kc1 Qa3+ 25. Kd1 Qxe3 0-1

[Event "GER North-chT U16"]
[Site "Verden an der Aller"]
[Date "2008.09.14"]
[Round "5.2"]
[White "Rieping, Heiner"]
[Black "Streich, Justus"]
[Result "0-1"]
[WhiteElo "1813"]
[BlackElo "1647"]
[PlyCount "106"]
[EventDate "2008.09.12"]
[EventType "team-swiss"]
[EventRounds "6"]
[EventCountry "GER"]
[SourceTitle "EXT 2011"]
[Source "ChessBase"]
[SourceDate "2010.11.26"]
[SourceVersion "1"]
[SourceVersionDate "2010.11.26"]
[SourceQuality "1"]
[WhiteTeam "Hagen"]
[BlackTeam "Hamburg Koenigsspringer"]
[WhiteTeamCountry "GER"]
[BlackTeamCountry "GER"]

1. e4 e6 2. d3 d5 3. Qe2 Be7 4. Nf3 Nf6 5. Nbd2 c5 6. c4 Nc6 7. g3 dxe4 8. dxe4 e5 9. Bg2 Bg4 10. Qe3 Nb4 11. Qc3 Qd3 12. Qxd3 Nxd3+ 13. Ke2 Rd8 14. Rd1 0-0 15. Nb3 Nxc1+ 16. Raxc1 Nxe4 17. h3 Bxf3+ 18. Bxf3 Ng5 19. Bxb7 Ne6 20. Nd2 Nd4+ 21. Ke1 Bg5 22. Rc3 Rb8 23. Bf3 Rxb2 24. Ne4 Be7 25. Rd2 Rfb8 26. Bd1 Rxd2 27. Nxd2 Rb2 28. Ra3 Rb7 29. Ne4 f5 30. Nc3 Bd8 31. Nd5 Bb6 32. Kd2 Nc6 33. Ke3 Nb4 34. g4 Nxd5+ 35. cxd5 g6 36. Ba4 Kf7 37. f3 c4+ 38. Kd2 Bc5 39. Rc3 Bb4 40. Bc6 Rc7 41. Kc2 Bxc3 42. Kxc3 Ke7 43. Kxc4 Kd6 44. g5 Rxc6+ 45. dxc6 Kxc6 46. h4 Kd6 47. Kd3 Kd5 48. Ke3 Kc4 49. Kd2 Kd4 50. Ke2 Kc3 51. Ke3 h5 52. a4 Kb4 53. Kd3 Kb3 0-1

[Event "GER-chT U12"]
[Site "Verden an der Aller"]
[Date "2003.12.28"]
[Round "3.2"]
[White "Mazarov, Juergen"]
[Black "Streich, Justus"]
[Result "1-0"]
[WhiteElo "1728"]
[BlackElo "1322"]
[PlyCount "63"]
[EventDate "2003.12.27"]
[EventType "team-swiss"]
[EventRounds "7"]
[EventCountry "GER"]
[SourceTitle "EXT 2022"]
[Source "ChessBase"]
[SourceDate "2021.10.06"]
[SourceVersion "1"]
[SourceVersionDate "2021.10.06"]
[SourceQuality "1"]
[WhiteTeam "Bochum SG 1931"]
[BlackTeam "Hamburg Koenigsspringer"]
[WhiteTeamCountry "GER"]
[BlackTeamCountry "GER"]

1. e4 e6 2. d4 d5 3. e5 c5 4. Qg4 f5 5. Qg3 cxd4 6. Nf3 Ne7 7. Bd3 Nec6 8. 0-0 Nd7 9. Nbd2 Nc5 10. a3 Ne4 11. Bxe4 dxe4 12. Ne1 a6 13. b4 b5 14. Nb3 Rg8 15. Bb2 Qd5 16. f4 d3 17. Rd1 Qc4 18. Nc1 dxc2 19. Rd2 Bb7 20. Nxc2 Rd8 21. Ne3 Rxd2 22. Nxc4 bxc4 23. Qc3 Rd5 24. Qxc4 g5 25. Ne2 Kf7 26. fxg5 Rxg5 27. Nf4 Rd3 28. Qxe6+ Kg7 29. Qf6+ Kg8 30. Qxg5+ Bg7 31. Ne6 Rd7 32. Rxf5 1-0

[Event "GER-chT U12"]
[Site "Verden an der Aller"]
[Date "2003.12.28"]
[Round "4.2"]
[White "Sergin, Mark"]
[Black "Streich, Justus"]
[Result "1-0"]
[WhiteElo "1485"]
[BlackElo "1322"]
[PlyCount "139"]
[EventDate "2003.12.27"]
[EventType "team-swiss"]
[EventRounds "7"]
[EventCountry "GER"]
[SourceTitle "EXT 2022"]
[Source "ChessBase"]
[SourceDate "2021.10.06"]
[SourceVersion "1"]
[SourceVersionDate "2021.10.06"]
[SourceQuality "1"]
[WhiteTeam "Baunatal"]
[BlackTeam "Hamburg Koenigsspringer"]
[WhiteTeamCountry "GER"]
[BlackTeamCountry "GER"]

1. e4 e6 2. d4 d5 3. e5 c5 4. c3 Qb6 5. Nf3 Bd7 6. Be2 Bb5 7. 0-0 Bxe2 8. Qxe2 Nc6 9. Rd1 Nge7 10. dxc5 Qxc5 11. Be3 Qa5 12. Na3 a6 13. c4 Qd8 14. cxd5 Nxd5 15. Nc4 Qc7 16. Rac1 Be7 17. Bg5 Bc5 18. a3 a5 19. Ncd2 Bb6 20. Ne4 0-0 21. Nd6 Qd7 22. Nc4 Bc7 23. Ne3 h6 24. Nxd5 exd5 25. Bh4 Bd8 26. Bg3 Ne7 27. Qd3 Bb6 28. Bh4 Rad8 29. Qb3 Ba7 30. Bxe7 Qxe7 31. Rxd5 Rxd5 32. Qxd5 Rd8 33. Qxa5 Qd7 34. h3 Bd4 35. Qb4 Ba7 36. Qc4 Bb8 37. b4 Kh8 38. b5 b6 39. Qc6 Qd3 40. Qxb6 f6 41. Re1 fxe5 42. Nxe5 Bxe5 43. Rxe5 Qb1+ 44. Kh2 Rd1 45. Qe3 Rh1+ 46. Kg3 Qg6+ 47. Kf3 Qf7+ 48. Qf4 Qb3+ 49. Kg4 Qg8 50. b6 Rb1 51. Qe3 Qc4+ 52. Qf4 Qc8+ 53. Qf5 Qc4+ 54. Re4 Qg8 55. Rf4 Rxb6 56. Qf8 Rg6+ 57. Kf3 Ra6 58. Qxg8+ Kxg8 59. a4 g5 60. Re4 Kf7 61. Ke3 Kf6 62. Kd3 Kf5 63. f3 Rc6 64. a5 h5 65. Ra4 Ra6 66. Kc4 Ke5 67. Kb5 Ra8 68. a6 Kd5 69. a7 Ke5 70. Kb6 1-0

[Event "GER-chT U12"]
[Site "Verden an der Aller"]
[Date "2003.12.27"]
[Round "2.2"]
[White "Streich, Justus"]
[Black "Pfleger, Jochen"]
[Result "1/2-1/2"]
[WhiteElo "1322"]
[BlackElo "1214"]
[PlyCount "91"]
[EventDate "2003.12.27"]
[EventType "team-swiss"]
[EventRounds "7"]
[EventCountry "GER"]
[SourceTitle "EXT 2022"]
[Source "ChessBase"]
[SourceDate "2021.10.06"]
[SourceVersion "1"]
[SourceVersionDate "2021.10.06"]
[SourceQuality "1"]
[WhiteTeam "Hamburg Koenigsspringer"]
[BlackTeam "Bad Mergentheim"]
[WhiteTeamCountry "GER"]
[BlackTeamCountry "GER"]

1. e4 e6 2. d4 d5 3. Nc3 Bb4 4. e5 c5 5. Qg4 g6 6. a3 Bxc3+ 7. bxc3 c4 8. Nf3 Qa5 9. Bd2 Qa4 10. Kd1 Qb5 11. Kc1 Nd7 12. Be2 Nb6 13. Qf4 h6 14. Be3 Na4 15. Rb1 Nxc3 16. Rxb5 Nxe2+ 17. Kd2 Nxf4 18. Bxf4 b6 19. Rhb1 Ba6 20. R5b4 g5 21. Bg3 Ne7 22. a4 Nc6 23. R4b2 Na5 24. c3 Nb3+ 25. Ke3 0-0 26. Nd2 Nxd2 27. Kxd2 h5 28. h4 g4 29. Bf4 f6 30. Ke3 fxe5 31. Bxe5 Rf5 32. Bf4 Raf8 33. g3 Kh7 34. Ra1 Kg6 35. a5 b5 36. Re1 Kf7 37. Rbe2 Bc8 38. Kd2 Ke7 39. Kc2 Re8 40. Kb2 Kd7 41. Ka3 Kc6 42. Kb4 a6 43. Re5 Ref8 44. R1e2 Rxe5 45. Rxe5 Rf5 46. Re3 1/2-1/2